000 00370cam a2200133ua 4500
041 _aeng
_h
100 _aMurthy, Radhakrishna V .
245 _aBasic principles of agricultural meteorology /
_cV.Radhakrishna Murthy.
_hTextual Documents
260 _aNew Delhi :
_bBSP BS Publications ,
_c2002.
300 _a ; .
504 _a
942 _cBK
999 _c12988
_d12988